<The> European funds as the factor of moderation of the crisis and the starting point of the revival and growth of economy

Vývoj krízy a opatrenia prijaté na jej riešenie inštitúciami EÚ a vládou Slovenskej republiky. Využitie fondov EÚ proti kríze a opatrenia prijaté EÚ a vládou SR na zvýšenie ich efektívnosti. Opatrenia EÚ a vlády SR na implementáciu štruktúrnych fondov. Štruktúrne fondy a štátny rozpočet pre rok 2010...

Ausführliche Beschreibung

Gespeichert in:
Bibliographische Detailangaben
Weitere Verfasser: Grossmanová, Marta
Format: Buchkapitel
Sprache:Englisch
Schlagworte:
Tags: Tag hinzufügen
Keine Tags, Fügen Sie das erste Tag hinzu!

MARC

LEADER 00000naa$a2200000$$$4500
001 0120843
005 20240502072352.9
041 0 |a eng 
044 |a SK 
245 1 0 |a <The> European funds as the factor of moderation of the crisis and the starting point of the revival and growth of economy  |c do angl. prel. Marta Grossmanová 
520 |a Vývoj krízy a opatrenia prijaté na jej riešenie inštitúciami EÚ a vládou Slovenskej republiky. Využitie fondov EÚ proti kríze a opatrenia prijaté EÚ a vládou SR na zvýšenie ich efektívnosti. Opatrenia EÚ a vlády SR na implementáciu štruktúrnych fondov. Štruktúrne fondy a štátny rozpočet pre rok 2010. Využitie štruktúrnych fondov v oblasti znalostnej ekonomiky. 
610 2 0 |a kríza finančná 
610 2 0 |a kríza hospodárska 
610 2 0 |a fondy štruktúrne 
610 2 0 |a ekonomika vedomostná 
610 2 0 |a oživenie 
610 2 0 |a inovácia 
700 1 |a Grossmanová, Marta